00291nam a22000737a 4500008004100000040005500041245006900096260005200165230724b |||||||| |||| 00| 0 eng d aNational Science LibrarycNational Science Library aYear book of the international council of scientific unions 1954 aLondon: bThe Secretary-General of ICSU, c1954